00662 2200217 4500001002100000005001500021035002000036007000300056008004100059020001500100082001100115084001700126100001800143245003000161260003500191500016300226650002200389856001700411990000800428990000800436INLIS00000000000024020220314073810 a0010-0322000038ta220314 g 0 ind  a9796623112 a297.63 a297.63 KHA n0 aKhabib Basori1 aNabi Muhammad SAW Idolaku aKlaten :bCempaka Putih,c2009 aBuku ini terangkum secara ringkas, namun tetap memuat informasi - informasi yang penting denganbegitu, sangat praktis sabagai referensi pendamping bagi siswa. 4aNabi Muhammad SAW aKoleksi Umum a406 a407